Le mond byzantin (Record no. 35881)

MARC details
000 -LEADER
campo de control de longitud fija 00638nam a2200193 i 4500
001 - NÚMERO DE CONTROL
campo de control 35881
003 - IDENTIFICADOR DE NÚMERO DE CONTROL
campo de control ES-MaACL
005 - FECHA Y HORA DE LA ÚLTIMA TRANSACCIÓN
campo de control 20230906155233.0
007 - CAMPO FIJO DE DESCRIPCIÓN FÍSICA--INFORMACIÓN GENERAL
campo de control de longitud fija t|
008 - DATOS DE LONGITUD FIJA--INFORMACIÓN GENERAL
campo de control de longitud fija 030214s1948 fr ||||1| fre d
100 1# - ENTRADA PRINCIPAL--NOMBRE DE PERSONA
Nombre de persona Bréhier, Louis.
9 (RLIN) 31559
245 13 - MENCIÓN DEL TÍTULO
Título Le mond byzantin
Resto del título : vie et mort de Byzance /
Mención de responsabilidad, etc. par Louis Bréhier.
260 ## - PUBLICACIÓN, DISTRIBUCIÓN, ETC.
Lugar de publicación, distribución, etc. Paris :
Nombre del editor, distribuidor, etc. Albin Michel,
Fecha de publicación, distribución, etc. 1948 (
Lugar de fabricación/manufactura Saint Amand :
Fabricante R. Bussiére)
300 ## - DESCRIPCIÓN FÍSICA
Extensión XXI, 602 p., XII lám., 4 map. pleg. ;
Dimensiones 20 cm.
490 1# - MENCIÓN DE SERIE
Mención de serie l'évolution de l'humanité ;
Designación de volumen o secuencia 32
830 0# - PUNTO DE ACCESO ADICIONAL DE SERIE-TÍTULO UNIFORME
Título uniforme l'évolution de l'humanité ;
Designación de volumen o secuencia 32
9 (RLIN) 181507
852 ## - LOCALIZACIÓN
Ubicación ES-MaACL
Número de control de estantería B-8168
Sublocalización o colección R.29281
Holdings
Estatus retirado Estado de pérdida Estado de daño No para préstamo Biblioteca de origen Biblioteca actual Ubicación en estantería Fecha de adquisición Fuente de adquisición Total de préstamos Signatura topográfica completa Código de barras Visto por última vez Precio de reemplazo Tipo de ítem Koha
        Biblioteca del Ateneo de Madrid Biblioteca del Ateneo de Madrid Sala Pardo Bazán 17/01/2008     B-8168 1037610 23/02/2023 23/02/2023 Libro impreso